QCM Autour du lait... - Statistiques

Statistiques générales
  • Ce quiz a été pris 36 fois
  • Le résultat moyen est 7 sur 20
Statistiques - réponses
Question Réponse % Correct
Le programme national de nutrition santé français recommande consommer des produits laitiers chaque jour, mais combien ? 3
63%
On sait produire du "lait" de plusieurs plantes mais pas de... le navet
63%
En France si on lit le seul mot "lait" sur une bouteille, il peut s'agir uniquement de lait de vache
63%
Que ne contient pas la préparation appelée "lait de poule" ? un oeuf entier
63%
Quelle fracture serait moins fréquente chez les adultes consommateurs de lait ? celle du col du fémur
50%
Parmi ces laits, lequel contient le plus d'eau ? de jument
50%
Quel pays n'est pas parmi les trois plus gros producteurs de lait de chèvre ? France
50%
Quel lait végétal n'est pas connu ? le lait de rhubarbe
50%
Quelle vitamine n'est pas présente dans le lait ? B6
38%
Quelle affirmation est fausse concernant la voie lactée ? Goya a peint l'Origine de la voie lactée
38%
Quel pays n'est pas parmi les trois plus gros producteurs de lait de vache ? Turquie
38%
La lactation commence... dès la naissance
25%
Quel pays n'est pas parmi les trois plus gros producteurs de lait de brebis ? Espagne
25%
Complétez cette citation de Jean Gabin "Je boirai du lait le jour ou les vaches... mangeront du raisin
25%
En 1954, en France, qui a organisé la distribution de lait dans les écoles et casernes pour lutter contre la dénutrition et l'alcoolisme ? Pierre Mendès-France
25%
Parmi ces laits, lequel contient le plus de matière grasse ? de chienne
13%
Les oiseaux produisent du lait ? Oui mais il est produit par le jabot de certains oiseaux
13%
Complétez cette citation de Platon, "Le vin est le lait..." des vieillards
0%
Dans l'Egypte antique, le lait est un cadeau d'Isis
0%
Quel pays n'est pas parmi les trois plus gros producteurs de lait de bufflonne ? Italie
0%
Aucun quiz correspondant
Distribution des résultats
% des personnes avec chaque résultat
Percentile par nombre de réponses
Votre historique - résultats
Vous n’avez pas pris ce quiz